Ligue 1 saison 2025/2026 - Statistiques

Statistiques générales
  • Ce quiz a été pris 84 fois
  • Le résultat moyen est 12 sur 18
Statistiques - réponses
Réponse % Correct
Olympique de Marseille
96%
Paris Saint-Germain
88%
Olympique Lyonnais
81%
Paris FC
79%
FC Nantes
78%
RC Lens
78%
LOSC Lille
74%
AS Monaco
72%
OGC Nice
68%
RC Strasbourg
63%
FC Lorient
61%
Toulouse FC
61%
AJ Auxerre
58%
FC Metz
58%
Stade Brestois 29
57%
Stade Rennais FC
56%
Angers SCO
51%
Le Havre AC
21%
Aucun quiz correspondant
Distribution des résultats
% des personnes avec chaque résultat
Percentile par nombre de réponses
Votre historique - résultats
Vous n’avez pas pris ce quiz